Las escuelas de educación física en el mundo: estudio comparativo

Сохранить в:
Библиографические подробности
Главный автор: Cagigal, José María (Автор)
Формат:
Язык:испанский
Опубликовано: Madrid Instituto Nacional de Educación Física 1977
Предметы:
Метки: Добавить метку
Нет меток, Требуется 1-ая метка записи!

MARC

LEADER 00000nam a2200000 a 4500
001 UCW6759
003 CL-VaPUC
008 920507e19770000SP |||||||||||||||||spa|d
082 0 4 |a 373.24  |b CAG  |2 21 
100 0 |a Cagigal, José María  |e author  |9 311836 
245 1 4 |a Las escuelas de educación física en el mundo: estudio comparativo 
300 |a 315 p 
942 |c BK 
945 |d 19920507 00:00:00 
260 |a Madrid  |b Instituto Nacional de Educación Física  |c 1977 
650 7 |a ESCUELA DE EDUCACION FISICA  |2 CL-VaPUC  |9 311837 
583 |a last modification  |c 19920507 00:00:00  |k Rodrigo Vera 
999 |c 219714  |d 219712 
952 |0 0  |1 0  |4 0  |6 373_240000000000000_CAG_1977  |7 0  |8 P  |9 210958  |a BIBEDU  |b BIBEDU  |c BIBEDU_PB  |d 2019-11-15  |i 2791900  |o 373.24 CAG 1977  |p 2791900  |r 2024-01-25  |w 2019-11-15  |y BK  |k EDU